| 000 | 00545 a2200205 4500 | ||
|---|---|---|---|
| 005 | 20260220122827.0 | ||
| 008 | 260220b |||||||| |||| 00| 0 eng d | ||
| 020 |
_a8176110981 _cRs. 350.00 |
||
| 040 | _aMAIN | ||
| 082 |
_a346.082 _bT739B |
||
| 100 | _aTrivedi, I R | ||
| 245 | _aBanking law and practice in India | ||
| 260 |
_bRBSA Publishers _c2001 _aJaipur |
||
| 300 | _a172 | ||
| 650 | _aBanking Regulation Act | ||
| 650 | _aBanker- Customer Relationship | ||
| 650 | _aRBI Guidelines | ||
| 700 | _aSrivastava, Sheela | ||
| 942 | _cBK | ||
| 999 |
_c396198 _d396198 |
||